| 000 | 00505nam a2200205Ia 4500 | ||
|---|---|---|---|
| 005 | 20250425162647.0 | ||
| 008 | 250425s9999 xx 000 0 und d | ||
| 020 | _a0070431568 | ||
| 041 | _aeng | ||
| 082 | _a519.58 | ||
| 100 | _aMORRISON, DONALD F. | ||
| 245 | 0 | _aMULTIVARIATE STATISTICAL METHODS | |
| 250 | _aSECOND EDITION | ||
| 260 |
_aEstados Unidos _bMCGRAW - HILL BOOK COMPANY _c1976 |
||
| 260 | _aNEW YORK | ||
| 300 | _a415 | ||
| 650 | _aESTADISTICAS | ||
| 942 | _c01 | ||
| 010 | _a95034 | ||
| 999 |
_c233837 _d233837 |
||